Ακαδημεικά
Αποθηκεύτηκε σε:
| Κύριος συγγραφέας: | |
|---|---|
| Μορφή: | Βιβλίο |
| Γλώσσα: | Greek |
| Δημοσίευση: |
Εν Αθήναις :
[χ.ό.],
1932 - 1957.
|
| Θέματα: | |
| Διαθέσιμο Online: | http://hdl.handle.net/11610/16531 |
| Ετικέτες: |
Προσθήκη ετικέτας
Δεν υπάρχουν, Καταχωρήστε ετικέτα πρώτοι!
|
MARC
| LEADER | 00000cam a2200000 i 4500 | ||
|---|---|---|---|
| 001 | 1/54109 | ||
| 008 | 040510m19321957gr | ||| ||| ||gre|| | ||
| 035 | |l 10073210 | ||
| 040 | |a GR-MY-UA |b gre |e aacr | ||
| 041 | 0 | |a gre | |
| 082 | 7 | |a 100 |2 (22) | |
| 100 | 1 | |a Βορέας, Θεόφιλος, |d 1873-1954. | |
| 245 | 1 | 0 | |a Ακαδημεικά / |c Θεόφιλου Βορέα. |
| 260 | |a Εν Αθήναις : |b [χ.ό.], |c 1932 - 1957. | ||
| 300 | |a τ. ; |c 24 εκ. | ||
| 500 | |a Τον 4ο τόμο του έργου εξέδωσε ο Οργανισμός Εκδόσεως Σχολικών Βιβλίων. | ||
| 500 | |a Υπάρχει ψηφιακό αντίγραφο για τους τόμους 2,3 και 4. | ||
| 505 | 0 | |a τ.2: Ψυχολογία -- τ.3: Εισαγωγή εις την φιλοσοφίαν -- τ.4: Ηθική | |
| 650 | 0 | 0 | |a Philosophy. |
| 650 | 0 | 0 | |a Ethics. |
| 650 | 0 | 0 | |a Psychology. |
| 740 | 0 | 2 | |a Ψυχολογία |
| 740 | 0 | 2 | |a Εισαγωγή εις την φιλοσοφίαν |
| 740 | 0 | 2 | |a Ηθική |
| 852 | |a INST |b RHODES |c AKA |e 20040510 |h 100 ΒΟΡ |p 005400019274 |q 005400019274 |t BK |v τ.2: |y 23 |z τ.2 | ||
| 852 | |a INST |b RHODES |c AKA |e 20080628 |h 100 ΒΟΡ |p 005400027834 |q 005400027834 |t BK |v τ.2: |y 0 |z τ.2 | ||
| 852 | |a INST |b RHODES |c AKA |e 20080917 |h 100 ΒΟΡ |p 005400028473 |q 005400028473 |t BK |v τ.3: |y 23 |z τ.3 | ||
| 852 | |a INST |b RHODES |c AKA |e 20080917 |h 100 ΒΟΡ |p 005400028474 |q 005400028474 |t BK |v τ.4: |y 23 |z τ.4 | ||
| 853 | |a INST |b RHODES |c AKA |h 100 ΒΟΡ | ||
| 856 | |u http://hdl.handle.net/11610/16531 | ||
| 901 | |a BIBL4-2004-2 | ||
| 909 | |a Ρ |b 105296 | ||
| 909 | |a Ρ |b 150703 | ||
| 909 | |a Ρ |b 152897 | ||
| 909 | |a Ρ |b 152898 | ||
| 970 | |a ΚΟΥΛΑΚΙΟΤΗ |b ΛΙΤΣΑ |z 2004-05-10 | ||